| 000 | 00433nam a22001577a 4500 | ||
|---|---|---|---|
| 020 | _a9781259025570 | ||
| 040 | _cNUST | ||
| 082 | _a604.2 JEN | ||
| 100 |
_aJensen, Cecil _982672 |
||
| 110 |
_a Helsel, Jay D Short, Dennis R _991775 |
||
| 245 | _aEngineering Drawing and Design | ||
| 250 | _a7th edition | ||
| 260 |
_aNEW DELHI: _bMcGraw-Hill, _c2012. |
||
| 650 |
_aDME.TEXTBOOK. ENGINEERING DRAWING _991844 |
||
| 942 |
_2ddc _cTEXT |
||
| 999 |
_c589978 _d589978 |
||